| 000 | 01759nam a2200349 i 4500 | ||
|---|---|---|---|
| 999 |
_c65645 _d65645 |
||
| 001 | 768714001 | ||
| 003 | CO-MdFUSB | ||
| 005 | 20200625185746.0 | ||
| 007 | ta | ||
| 008 | 200403t1994 -us |||| |||| 00| 0 eng d | ||
| 020 | _a9781565630017 | ||
| 040 |
_aCO-MdFUSB _bspa _cCO-MdFUSB _dCO-MdFUSBC _erda |
||
| 041 | _aeng | ||
| 082 |
_223 _a226.066 _bSW973 |
||
| 100 | 1 |
_aSwartley, Willard M. _d1936- _eautor |
|
| 245 | 1 |
_aIsrael's scripture traditions and the Synoptic Gospels : _bstory shaping story _c/ Willard M Swartley |
|
| 264 | 1 |
_aEstados Unidos : _bHendrickson Publishers, _c[1994] |
|
| 264 | 4 | _c© 1994 | |
| 300 |
_a367 páginas _c; 22 cm |
||
| 336 |
_2rdacontent _atexto _btxt |
||
| 337 |
_2rdamedia _asin mediación _bn |
||
| 338 |
_2rdacarrier _avolumen _bnc |
||
| 500 | _aColección Dawn Christina Harrell | ||
| 505 | _aOrientación. -- Los componentes básicos. -- La influencia formativa del éxodo del Antiguo Testamento y las tradiciones del Sinaí en la narrativa sinóptica galileana. -- La influencia formativa de las tradiciones de conquista del camino (y éxodo) del Antiguo. -- Testamento en la narrativa del viaje sinóptico. -- La formativa influencia de las tradiciones del templo del Antiguo Testamento en la narrativa sinóptica de preparación (y Pasión) -- La influencia formativa de las tradiciones de la realeza del Antiguo Testamento en la narrativa sinóptica de Pasión. -- Historia que forma la historia: estructura, teología y función de los sinópticos. | ||
| 563 | _aRústico | ||
| 630 | 0 | 7 |
_aBiblia _xCrítica, interpretación, etc. |
| 630 | 7 |
_aBiblia. _xHistoria y crítica _pEvangelios |
|
| 653 | _aBiblia. -- Crítica literaria. | ||
| 942 | _cBK | ||
| 945 |
_aJTF-925 _bAEM-53 |
||